00640nam a2200145 i 450000100060000000300090000600500170001500700030003200800410003510000330007624501610010926000580027030000210032885201450034940326ES-MaACL20230906160208.0t|030305s1875 sp ||||1| spa d1 aCarrasco y Potenciano, Juan.10aAdios a mis discípulos de segundo año de anatomía descriptiva en el curso académico de 1874 a 1875 b: memoria... / cJuan M. Carrasco y Potenciano. aMadrid : b[s.n.], c1875 (fEst. tip. de R. Labajos) a14 p. ; c21 cm. aES-MaACLjT-351-F-12 z.- Sello de "Los Escolares Médicos" z.- Dedicatoria autógrafa del autor a la Sociedad de los Escolares Médicos